00774nam a2200181Ia 4500008004100000020001500041041001200056082001600068100002100084245006900105260002900174300000800203650001900211942000700230999001500237952017000252952017000422221030s9999 xx 000 0 und d a8123909098 aEnglish a105.23bPia aH. T. H. Piaggio 0aDifferential Equations & Their Applicationscby H. T. H. Piaggio bCBS PubaNew Delhic2004 a256 aBE Mathematics cBK c3575d3575 pBE 8920g110.00l0o105.23 Piar2024-06-13 00:00:00w2022-10-30yBK003Print4070aMIETLIBbMIETLIBcBL-Academic Block C, FL-2, CUP-6, SH-3, R-3d2006-11-3010HBE pBE 8921g110.00l0o105.23 Piar2024-06-13 00:00:00w2022-10-30yBK003Print4070aMIETLIBbMIETLIBcBL-Academic Block C, FL-2, CUP-6, SH-3, R-3d2006-11-3010HBE